000 00612cam a22002053a 4500
001 40050
003 PGUSA
005 20140828083907.0
008 120620s2012||||xxu|||||s|||||000 | eng d
040 _aPGUSA
_beng
042 _adc
100 1 _aBose, Jagadis Chandra,
_cSir,
_d1858-1937
245 1 0 _aLife Movements in Plants, Volume II, 1919
_h[electronic resource] /
_cJagadis Chandra, Bose
260 _bProject Gutenberg,
_c2012
506 _aPublic domain in the USA.
516 _aElectronic text
830 0 _aProject Gutenberg
_v40050
856 4 0 _uhttp://www.gutenberg.org/ebooks/40050
942 _cEB
999 _c269303
_d269303